Регионална библиотека "Любен Каравелов" - Русе

Лайпциг 33 | Симфония № 2 (Запис номер 518271)

MARC детайли
000 -Лидер
Лидер 01310njm a2200289 a 4500
003 - Код на организацията, давaща контролен номер
Код на организацията, даваща контролен номер BLK
005 - Дата и час на последна редакция
Дата и час на последна редакция 20241024135750.0
007 - Фиксирано поле за физическо описани
Физическо описание sd bmmalaaahaa
008 - Елементи от данни с фиксирана дължина
Елементи с фиксирана дължина 221104b bu |||||s|||| 00| | bu d
028 ## - PUBLISHER NUMBER
Издателски номер BCA 1353
040 ## - Източник на каталожния запис
Код на библиотеката BLK
041 ## - Код за език
Език на записа Български
Език за КДБФ Български
080 ## - УДК
УДК текст Симфонии. За симфоничен оркестър
УДК код 785.11.082.1
УДК – определител (086.72)
УДК – код + определител 785.11.082.1(086.72)
100 ## - Редна дума - Автор
R(LIN) 1299
Автор Райчев, Александър Иванов
Години, свързани с автора 1922-2003
Авторска отговорност първи автор
245 ## - Сведения за заглавието
Заглавие Лайпциг 33
Подзаглавни данни Симфонични моменти
245 ## - Сведения за заглавието
Заглавие Симфония № 2
Авторска отговорност Александър Райчев, Пенчо Стоянов ; Симфоничен оркестър на КТР, дир. Васил Стефанов
260 ## - Област на издателските данни
Място на издаване София
Име на издателя Балкантон
Година на издаване б. г.
9 (RLIN) 210374
300 ## - Физическа характеристика
Брой страници 1 грамофонна плоча
Илюстрации 33 об/мин, стерео
Размер 30 см
380 ## - Жанр
Жанр Изкуство
653 ## - Ключова дума – ненормативна
9 (RLIN) 196603
Ключови думи симфонии
700 ## - Други автори (авторска отговорност)
Друг автор Стоянов, Пенчо Цветанов
Дати, свързани с автора 1931 - 2020
Друга информация Бълг. композитор
9 (RLIN) 254297
700 ## - Други автори (авторска отговорност)
9 (RLIN) 540
Друг автор Стефанов, Васил
Авт. отговорност на др. автор диригент
852 ## - Местоположение
Сигнатура (форматна) Ф ІІ 2026
Отдел Хранилище
856 ## - Електронен адрес и достъп
Инструкция (цена за достъп) 0.00
Права за достъп disable
942 ## - АРТИКУЛИ
Вид на библиотечния документ Грамофонни плочи
Скрит в OPAC Не
944 ## - СЪЗДАВАНЕ И РЕДАКЦИЯ на ЗАПИСА
Дата на регистрацията/редакция Вася Ганчева
Служител, извършил регистрацията/редакцията 30560
Статус, дата на статуса Геновева Генчева
Създаване/Редакция
999 ## - СИСТЕМНИ КОНТРОЛНИ НОМЕРА
Koha biblionumber 518271
Koha biblioitemnumber 518271
Наличности
Код за отписване Код за изгубен артикул Източник на класификационната схема Код за повреда Код за отдаване Артикулен № Име на библиотеката - собственик Име на библиотеката, в която се намира в момента Статус (Текущо местоположение) Дата на вписване в системата Местоположение - отдел Цена в лева Инвентарен номер Систематично азбучна сигнатура Баркод Цена в евро Служебен тип на артикула
  Не е изгубен Universal Decimal Classification Не е повреден ползва се в читалня 950625 Регионална библиотека "Любен Каравелов" Русе Регионална библиотека "Любен Каравелов" Русе Хранилище 2024-10-03 Хранилище 2.30 5656 Ф II 2026 900000107682 1.18 Грамофонни плочи
Vip Innovations Ltd, Rousse, Bulgaria 2025